00884cam a2200265 a 450000100100000000500170001000800410002702000150006804000250008308200180010824500690012626000430019530000200023850400410025865000240029965000120032365000120033560000400034760000470038765000470043465000240048170000380050570000400054370000350058300000282520260521134322.0881222s1993 sp b 001 mcspa  a8485978188 aDO-SdBNPbspacBNPHU a866.08bC961z00aCuadernos de Zenobia y Juan Ramón /ceditor Arturo del Villar. aMadrid :bLos Libros de Fausto,c1993. a95 p. ;c21 cm. aIncluye referencias bibliográficas 4aCartasxColecciones 4aRelatos 0aEnsayos14aJIMÉNEZ, JUAN RAMÓNd1881-1958.14aCAMPRUÍ DE JIMÉNEZ, ZENOBIAd1887-1956 4aAutores españolesySIGLO 20xBiografía 4aPoesía española1 aCamprubí de Jiménez, Zenobia.1 aJiménez, Juan Ramónd1881-1958.1 aVillar, Arturo deld1944-eed.